000 00551nam a2200181Ia 4500
999 _c28105
_d28105
003 OSt
005 20250827103850.0
008 250310s9999||||xx |||||||||||||| ||und||
040 _c.
082 _a621.3
_bT398
100 _940
_aTheraja, B. L.
245 0 _aA Textbook of Electrical technology in S.I. units /
_cby B. L. Theraja
260 _aNew Delhi :
_bPublication Division of Nirja Construction and Development,
_c1982.
300 _a1604 p.
650 0 _92749
_aElectrical technology
650 0 _911
_aElectrical Engineering
942 _cBK
_2ddc